00500nam a2200181Ia 450000500170000000800410001702000180005804000190007604100120009508200160010710000210012324500450014426000370018930000170022650400480024365000150029185000120030620240322131618.0131103s9999 xx 000 0 und d a0 340 02396 1 aLoreto College aEnglish a155.4 bFOR aFordham, Michael aChildren as IndividualscMichael Fordham aLondonbHodder & Stoughtonc1969 a223p.b ill. aIncludes bibliographical references & index aPsychology aLCBED